Seguridad Democrática Derechos Humanos en Centroamérica

Bibliographic Details
Main Author: Buitrago Buitrago, Edgardo
Format: Section = Libro
Language:Undetermined
Spanish
Published: San José, Costa Rica CSUCA 1998
Subjects:
LEADER 00619nam a2200193Ia 4500
008 240829s9999 xx 000 0 und d
020 |a 9977-02-024-8 
040 |a BIBLIOTECA-RUPAP Ref 323 B932, No.21 
041 |a spa 
082 |a Ref 323 B932, No.21 
100 1 |a Buitrago Buitrago, Edgardo 
245 1 0 |a Seguridad Democrática Derechos Humanos en Centroamérica 
260 |a San José, Costa Rica  |b CSUCA  |c 1998 
300 |a 136 p. :il. 
650 7 |a DEMOCRACIA-AMÉRICA CENTRAL 
650 7 |b  DERECHOS HUMANOS. I. Sagastume Gemmell, Marco Antonio,coaut.. II. Tít. 
942 |c BK  |2 ddc 
991 |a TEXTO 
999 |c 9180